01209nam a2200193 450000500170000000800410001704000440005804100080010208200140011011000450012424201270016924501040029626001250040030000300052550002970055550600210085252000970087365000450097020180518113557.0180518s1940 xxu |||fr|||| 001 0 eng d aCO-BoUCMbspacSandra YazodSandra Yazo0 aeng 220a261.81 aNational Catholic Welfare Conference‏ 03aLa Iglesia y el orden socialcpor el Departamento Administrativo de la Conferencia Nacional del episcopado Católicoyspa13aThe Church and Social Orderca ... Administrative Board of the National Catholic Welfare Conference aWashington (Estados Unidos)bNational Catholic Welfare Conference [Conferencia Nacional del episcopado Católico]c1940 a40 páginasc19 x 13 cm. aDetalles físicos: Encuadernación flexible en papel, tapas con datos de publicación, a color. Portada impresa en una sola tinta. Texto impreso en una sola columna sobre papel satinado. Notas de pie de página. Índice. Ejemplar en regular estado, desencuadernado, tapas sueltas y rotas aConsulta en sala aDocumento del Episcopado de los Estados Unidos sobre la Iglesia católica y el orden social 7aIglesia Católica y problemas sociales